LDR 00870naa#a2200181#i#450# 001 RU\RIOR\bibl\126380 005 20260629102519.1 011 ## _a2409-6024 100 ## _a20260530b2026####ek#y0rusy0150####ca 102 ## _aRU 200 1# _aОСОБЕННОСТИ ОЦЕНКИ СТОИМОСТИ ЗЕМЕЛЬ В СИСТЕМЕ УПРАВЛЕНИЯ ЗЕМЕЛЬНЫМИ РЕСУРСАМИ _eЖурнальная статья 210 1# _aМосква _cООО "Издательский Центр РИОР" _d2026 215 ## _a9 с. 608 ## _aЖурнальная статья _2local 675 ## _aРегиональная, территориальная экономическая политика, планирование и прогнозирование. 332.14 _z 700 #1 _aКомов _gНиколай Васильевич 700 #1 _aЧан _gТхань Хунг 856 4# _arusjm.ru _u